Top 3 de la Draft NBA depuis 2000 - Statistiques

Statistiques générales
  • Ce quiz a été pris 32 fois
  • Le résultat moyen est 32 sur 78
Statistiques - réponses
an Hint Team Réponse % Correct
2023 1 San Antonio Spurs Victor Wembanyama
97%
2025 1 Dallas Mavericks Cooper Flagg
83%
2020 1 Minnesota Timberwolves Anthony Edwards
79%
2003 1 Cleveland Cavaliers Lebron James
79%
2024 1 Atlanta Hawks Zaccharie Risacher
79%
2005 3 Utah Jazz Deron Williams
76%
2011 2 Minnesota Timberwolves Derrick Williams
76%
2002 2 Chicago Bulls Jay Williams
76%
2005 2 Atlanta Hawks Marvin Williams
76%
2022 1 Orlando Magic Paolo Banchero
72%
2019 1 New Orleans Pelicans Zion Williamson
72%
2021 1 Detroit Pistons Cade Cunningham
69%
2022 2 Oklahoma City Thunder Chet Holmgren
69%
2025 2 San Antonio Spurs Dylan Harper
69%
2019 2 Memphis Grizzlies Ja Morant
69%
2017 3 Boston Celtics Jayson Tatum
69%
2020 3 Charlotte Hornets Lamelo Ball
69%
2017 2 Los Angeles Lakers Lonzo Ball
69%
2023 3 Portland Trail Blazers Scoot Henderson
69%
2024 2 Washington Wizards Alex Sarr
66%
2014 3 Philadelphia 76ers Joel Embiid
66%
2007 2 Seattle SuperSonics Kevin Durant
66%
2015 1 Minnesota Timberwolves Karl-Anthony Towns
62%
2025 3 Philadelphia 76ers VJ Edgecombe
62%
2021 3 Cleveland Cavaliers Evan Mobley
59%
2016 3 Boston Celtics Jaylen Brown
59%
2018 3 Atlanta Hawks Luka Doncic
59%
2018 1 Phoenix Suns DeAndre Ayton
55%
2021 2 Houston Rockets Jalen Green
55%
2023 2 Charlotte Hornets Brandon Miller
52%
2008 1 Chicago Bulls Derrick Rose
52%
2004 1 Orlando Magic Dwight Howard
52%
2011 1 Cleveland Cavaliers Kyrie Irving
52%
2014 1 Cleveland Cavaliers Andrew Wiggins
45%
2012 1 New Orleans Hornets Anthony Davis
45%
2016 1 Philadelphia 76ers Ben Simmons
45%
2003 3 Denver Nuggets Carmelo Anthony
45%
2010 1 Washington Wizards John Wall
45%
2019 3 New York Knicks RJ Barrett
45%
2009 1 Los Angeles Clippers Blake Griffin
41%
2012 3 Washington Wizards Bradley Beal
41%
2009 3 Oklahoma City Thunder James Harden
41%
2017 1 Philadelphia 76ers Markelle Fultz
41%
2013 1 Cleveland Cavaliers Anthony Bennett
38%
2016 2 Los Angeles Lakers Brandon Ingram
38%
2007 1 Portland Trail Blazers Greg Oden
38%
2020 2 Golden State Warriors James Wiseman
38%
2024 3 Houston Rockets Reed Sheppard
38%
2022 3 Houston Rockets Jabari Smith
34%
2015 2 Los Angeles Lakers D'Angelo Russell
31%
2001 3 Atlanta Hawks Pau Gasol
31%
2002 1 Houston Rockets Yao Ming
31%
2018 2 Sacramento Kings Marvin Bagley III
28%
2014 2 Milwaukee Bucks Jabari Parker
24%
2005 1 Milwaukee Bucks Andrew Bogut
21%
2003 2 Detroit Pistons Darko Milicic
17%
2007 3 Atlanta Hawks Al Horford
14%
2006 1 Toronto Raptors Andrea Bargnani
14%
2004 2 Charlotte Bobcats Emeka Okafor
14%
2015 3 Philadelphia 76ers Jahlil Okafor
14%
2001 2 Los Angeles Clippers Tyson Chandler
14%
2008 2 Miami Heat Michael Beasley
10%
2013 3 Washington Wizards Otto Porter Jr
10%
2013 2 Orlando Magic Victor Oladipo
10%
2010 3 New Jersey Nets Derrick Favors
7%
2010 2 Philadelphia 76ers Evan Turner
7%
2009 2 Memphis Grizzlies Hasheem Thabeet
7%
2000 1 New Jersey Nets Kenyon Martin
7%
2006 2 Chicago Bulls Lamarcus Aldridge
7%
2006 3 Charlotte Bobcats Adam Morrison
3%
2004 3 Chicago Bulls Ben Gordon
3%
2000 3 Los Angeles Clippers Darius Miles
3%
2011 3 Utah Jazz Enes Freedom
3%
2012 2 Charlotte Bobcats Michael Kidd-Gilchrist
3%
2002 3 Golden State Warriors Mike Dunleavy
3%
2008 3 Minnesota Timberwolves O.J Mayo
3%
2000 2 Vancouver Grizzlies Stromile Swift
3%
2001 1 Washington Wizards Washington Wizards
0%
Aucun quiz correspondant
Distribution des résultats
% des personnes avec chaque résultat
Percentile par nombre de réponses
Votre historique - résultats
Vous n’avez pas pris ce quiz